Fenerbahce, Galatasaray or Besiktas players (2000-) - Statistics

General Stats
  • This quiz has been taken 33 times
  • The average score is 165 of 847
Answer Stats
Ranking Player Positions Nationality Matches Goals (assists) Periods Clubs % Correct
1 Fernando Muslera GK 500 2 (2) 2011-2025
100%
21 Burak Yılmaz ST 226 105 (30) 2006-2008, 2012-2015, 2018-2020
93%
2 Volkan Demirel GK 449 0 (1) 2002-2019
89%
3 Gökhan Gönül RB 437 20 (56) 2007-2021
85%
643 Abdoulaye Ba CB 9 1 (0) 2015-2016
81%
336 Demba Ba ST 39 24 (7) 2014-2015, 2016-2017
81%
516 Yusuf Demir RW 18 0 (0) 2022-2023, 2024-2025
78%
11 Alex AM 283 146 (125) 2004-2013
74%
75 Barış Alper Yılmaz LW 131 23 (16) 2021-2025
74%
8 Caner Erkin LB 337 15 (77) 2009-2021
74%
840 Azad Demir LW 1 0 (0) 2023-2024
70%
828 Deniz Yılmaz CB 1 0 (0) 2018-2019
70%
621 Kartal Yılmaz DM 11 0 (1) 2019-2020, 2022-2023
70%
85 Mert Günok GK 126 0 (0) 2010-2014, 2021-2025
70%
5 Necip Uysal CB 389 4 (16) 2009-2025
70%
267 Rıdvan Yılmaz LB 54 4 (7) 2018-2022
70%
125 Aydın Yılmaz RW 102 5 (14) 2005-2006, 2008-2015
67%
158 Edin Džeko ST 89 40 (14) 2023-2025
67%
187 Mauro Icardi ST 77 56 (20) 2022-2025
67%
33 Ricardo Quaresma RW 188 30 (64) 2010-2011, 2015-2020
67%
4 Sabri Sarıoğlu RB 398 16 (41) 2002-2017
67%
29 Arda Turan LW 193 36 (55) 2004-2005, 2006-2010, 2020-2022
63%
9 Atiba Hutchinson DM 306 25 (36) 2013-2023
63%
543 Veysel Sarı CB 16 0 (2) 2013-2015
63%
662 Hasan Türk CM 8 0 (0) 2012-2013
59%
6 Mehmet Topal DM 350 22 (20) 2006-2009, 2012-2018, 2021-2022
59%
161 Orhan Ak CB 89 5 (7) 2003-2007
59%
12 Selçuk İnan CM 276 46 (48) 2011-2020
59%
34 Servet Çetin CB 188 13 (6) 2003-2005, 2007-2012
59%
153 Talisca AM 92 43 (14) 2016-2017, 2024-2025
59%
358 Victor Osimhen ST 37 32 (7) 2024-2025
59%
78 Altay Bayındır GK 129 0 (1) 2019-2024
56%
214 Davinson Sánchez CB 69 6 (4) 2023-2025
56%
140 Dušan Tadić RW 95 25 (31) 2023-2025
56%
45 Hakan Şükür ST 167 62 (27) 2003-2008
56%
579 ST 13 3 (2) 2009-2010
56%
102 Lucas Torreira DM 115 6 (10) 2022-2025
56%
83 Michy Batshuayi ST 126 50 (10) 2021-2025
56%
764 Rıza Şen RM 2 0 (0) 2005-2006
56%
46 Ryan Babel LW 166 44 (19) 2016-2022
56%
65 Sergen Yalçın AM 142 40 (40) 2001-2006
56%
235 Volkan Şen LW 64 5 (9) 2015-2017
56%
58 Wesley Sneijder AM 149 39 (36) 2012-2017
56%
334 Arda Güler AM 40 8 (10) 2021-2023
52%
57 Domagoj Vida CB 150 15 (1) 2017-2022
52%
216 Dominik Livakovic GK 68 0 (1) 2023-2025
52%
721 Fahri Ay CM 4 0 (0) 2023-2025
52%
19 Hasan Şaş RW 234 24 (61) 2000-2009
52%
56 Moussa Sow ST 150 66 (22) 2011-2017
52%
487 Orhan Şam RB 20 0 (1) 2011-2013
52%
321 Pepe CB 42 5 (2) 2017-2019
52%
14 Rüştü Reçber GK 268 0 (1) 2000-2002, 2004-2012
52%
645 Ali Turan CB 9 0 (0) 2010-2011
48%
53 Diego Lugano CB 153 24 (5) 2006-2011
48%
22 Emre Belözoğlu CM 225 33 (32) 2000-2001, 2008-2014, 2019-2020
48%
122 Enner Valencia ST 103 53 (15) 2020-2023
48%
718 Ertuğrul Çetin GK 4 0 (0) 2021-2022, 2024-2025
48%
24 Faryd Mondragón GK 219 0 (1) 2001-2007
48%
43 Ferdi Kadıoğlu LB 168 13 (17) 2019-2025
48%
347 Issiar Dia RW 38 5 (4) 2010-2012
48%
96 Jeremain Lens RW 119 13 (25) 2016-2021
48%
51 Kerem Aktürkoğlu LW 154 42 (34) 2020-2025
48%
520 Kerem İnan GK 18 0 (0) 2000-2003
48%
360 Mario Lemina DM 36 1 (2) 2019-2020, 2024-2025
48%
20 Mehmet Aurélio DM 229 15 (27) 2003-2007, 2010-2012
48%
18 Mert Nobre ST 241 86 (25) 2003-2011
48%
207 Robin van Persie ST 71 26 (6) 2015-2018
48%
67 Sofiane Feghouli AM 141 28 (28) 2017-2022
48%
35 Tuncay Şanlı LW 179 69 (28) 2002-2007
48%
115 Abdülkerim Bardakcı CB 107 12 (6) 2022-2025
44%
42 Bobô ST 169 64 (23) 2005-2011
44%
359 Ciro Immobile ST 36 15 (4) 2024-2025
44%
113 Egemen Korkmaz CB 108 9 (6) 2011-2015
44%
268 Emre Mor RW 53 3 (2) 2019-2020, 2022-2024
44%
87 Gedson Fernandes CM 125 15 (13) 2020-2021, 2022-2025
44%
61 Gökhan Zan CB 147 7 (2) 2003-2004, 2005-2014
44%
156 Güven Yalçın ST 91 18 (7) 2018-2022
44%
354 Nani LW 37 9 (10) 2015-2016
44%
318 Rafa Silva CF 43 14 (9) 2024-2025
44%
144 Sebastian Szymański AM 94 15 (24) 2023-2025
44%
23 Semih Şentürk ST 223 59 (38) 2000-2001, 2002-2013
44%
31 Souza CB 192 21 (9) 2015-2018, 2020-2023
44%
32 Tümer Metin AM 191 42 (41) 2001-2008
44%
62 Umut Bulut ST 145 36 (13) 2012-2016
44%
688 Aytaç Kara CM 6 0 (0) 2021-2022
41%
54 Bright Osayi-Samuel RB 153 6 (11) 2020-2025
41%
220 Bruma LW 67 12 (12) 2013-2014, 2016-2017, 2022-2023
41%
154 Cyle Larin ST 92 32 (8) 2017-2018, 2020-2022
41%
287 Didier Drogba ST 49 18 (13) 2012-2014
41%
111 Dirk Kuyt RW 108 30 (23) 2012-2015
41%
99 Dries Mertens CF 117 22 (39) 2022-2025
41%
157 Emmanuel Eboué RB 89 4 (11) 2011-2014
41%
184 Emmanuel Emenike ST 78 21 (18) 2013-2014, 2016-2017
41%
147 Garry Rodrigues LW 93 18 (21) 2016-2020
41%
376 Gheorghe Hagi AM 35 13 (18) 2000-2001
41%
15 Hakan Balta LB 267 11 (10) 2007-2017
41%
231 Lukas Podolski ST 64 22 (14) 2015-2017
41%
143 Manuel Fernandes AM 94 16 (35) 2010-2014
41%
379 Mesut Özil AM 34 9 (3) 2020-2022
41%
222 Miguel Crespo CM 67 5 (6) 2021-2024
41%
149 Milot Rashica RW 93 14 (21) 2022-2025
41%
202 Nabil Dirar RB 73 7 (12) 2017-2020
41%
16 Oğuzhan Özyakup CM 267 30 (49) 2012-2022
41%
106 Rachid Ghezzal RW 111 16 (31) 2020-2024
41%
17 Selçuk Şahin DM 263 13 (17) 2003-2015
41%
128 Sinan Gümüş RW 101 22 (8) 2014-2018, 2020-2021
41%
71 Tolgay Arslan AM 135 1 (12) 2014-2020
41%
121 Vincent Aboubakar ST 104 53 (13) 2016-2017, 2020-2021, 2022-2024
41%
245 Yuto Nagatomo LB 60 2 (6) 2017-2020
41%
152 Arthur Masuaku LB 92 3 (14) 2022-2025
37%
201 Bafétimbi Gomis ST 73 46 (5) 2017-2018, 2021-2023
37%
199 Dani Güiza ST 74 25 (10) 2008-2011
37%
740 Erdoğan Kaya CB 3 0 (0) 2019-2021
37%
112 Ersin Destanoğlu GK 108 0 (0) 2019-2025
37%
94 Fabian Ernst DM 120 9 (7) 2008-2012
37%
74 Felipe Melo DM 131 14 (12) 2011-2016
37%
196 Fred CM 74 8 (14) 2023-2025
37%
333 Gabriel Sara CM 40 2 (10) 2024-2025
37%
7 İbrahim Üzülmez LB 349 9 (32) 2000-2011
37%
547 İlhan Şahin AM 15 1 (1) 2000-2002
37%
273 Johan Elmander ST 52 16 (8) 2011-2013
37%
77 José Sosa AM 129 17 (26) 2014-2015, 2020-2022
37%
819 Kaan Arslan CB 1 0 (0) 2021-2022
37%
340 Mamadou Niang ST 39 18 (12) 2010-2011, 2012-2013
37%
350 Mario Gómez ST 38 28 (6) 2015-2016
37%
47 Mehmet Topuz RM 160 8 (22) 2009-2016
37%
229 Mert Müldür RB 65 4 (9) 2023-2025
37%
127 Miha Zajc CM 101 18 (6) 2018-2019, 2021-2024
37%
135 Milan Baros ST 99 55 (16) 2008-2012
37%
518 Murat Şahin GK 18 0 (0) 2004-2007
37%
176 Roberto Carlos LB 84 6 (9) 2007-2010
37%
84 Ryan Donk CB 126 7 (10) 2015-2016, 2017-2021
37%
204 Sacha Boey RB 72 3 (4) 2021-2024
37%
66 Salih Uçan CM 141 8 (16) 2012-2013, 2016-2017, 2021-2025
37%
39 Semih Kaya CB 174 5 (4) 2008-2009, 2011-2016, 2018-2019, 2021-2022
37%
44 Serdar Aziz CB 168 14 (8) 2016-2024
37%
195 Suat Kaya DM 75 4 (2) 2000-2003
37%
26 Ümit Özat LB 208 12 (34) 2001-2007
37%
79 Victor Nelsson CB 129 3 (1) 2021-2025
37%
254 Volkan Arslan CM 58 6 (8) 2002-2006
37%
109 Younès Belhanda AM 109 18 (22) 2017-2021
37%
138 Adriano LB 96 4 (11) 2016-2019
33%
212 Albert Riera LM 70 3 (9) 2011-2014
33%
129 Attila Szalai CB 100 6 (4) 2020-2023
33%
172 Bruno Alves CB 84 3 (2) 2013-2016
33%
55 Bülent Korkmaz CB 151 5 (2) 2000-2005
33%
25 Cenk Tosun ST 217 79 (27) 2014-2017, 2020-2021, 2022-2025
33%
104 Deivid ST 114 29 (15) 2006-2010
33%
712 Diego Carlos CB 4 0 (0) 2024-2025
33%
221 Eren Derdiyok ST 67 22 (3) 2016-2019
33%
200 Fernandão ST 74 30 (3) 2015-2018
33%
236 Gary Medel CB 64 1 (1) 2017-2020
33%
189 Harry Kewell LW 76 28 (12) 2008-2011
33%
13 İbrahim Toraman CB 269 22 (9) 2004-2014
33%
59 İrfan Can Kahveci RW 148 25 (27) 2020-2025
33%
36 İsmail Köybaşı LM 177 4 (18) 2009-2011, 2013-2019
33%
280 Jayden Oosterwolde LB, CB 50 1 (0) 2022-2025
33%
171 Kaan Ayhan CB 84 2 (7) 2022-2025
33%
114 Martin Linnes RB 107 2 (12) 2015-2021
33%
197 Mauricio Isla RB 74 0 (13) 2017-2020
33%
170 Miroslav Stoch LW 85 13 (9) 2010-2012, 2016-2017
33%
117 Okan Buruk RM 107 8 (14) 2000-2001, 2004-2008
33%
232 Onur Bulut RB 64 0 (5) 2022-2025
33%
89 Óscar Córdoba GK 124 0 (2) 2002-2006
33%
60 Ozan Tufan CM 147 19 (23) 2015-2017, 2019-2022
33%
697 Peter Kjaer GK 5 0 (0) 2001-2002
33%
356 Radamel Falcao ST 37 19 (3) 2019-2022
33%
165 Raúl Meireles CM 87 7 (10) 2012-2016
33%
93 Rigobert Song CB 121 5 (1) 2004-2008
33%
418 Roland Sallai RB, RW 29 4 (1) 2024-2025
33%
208 Simon Kjaer CB 71 5 (0) 2015-2017
33%
183 Stephen Appiah DM 79 14 (10) 2005-2008
33%
37 Tomas Sivok CB 176 16 (5) 2008-2015
33%
27 Ümit Karan ST 204 81 (31) 2001-2009
33%
341 Wilfried Zaha LW 38 10 (4) 2023-2024
33%
720 Yalçın Ayhan CB 4 0 (0) 2005-2006
33%
181 Adem Ljajic AM 82 18 (24) 2018-2021
30%
228 Alexander Djiku CB 65 4 (2) 2023-2025
30%
224 Andreas Beck RB 66 0 (4) 2015-2018
30%
132 Aurélien Chedjou CB 100 9 (6) 2013-2017
30%
10 Ayhan Akman CM 294 12 (24) 2000-2012
30%
88 Berkan Kutlu CM 124 2 (5) 2021-2025
30%
299 Çağlar Söyüncü CB 47 4 (2) 2023-2025
30%
355 Cengiz Ünder RW 37 9 (3) 2023-2025
30%
233 Christian Luyindama CB 64 2 (2) 2018-2022
30%
349 Claudio Taffarel GK 38 0 (0) 2000-2001
30%
188 Diego Rossi AM 76 10 (17) 2021-2023
30%
238 Dimitrios Pelkas AM 63 12 (8) 2020-2022
30%
38 Emre Aşık CB 174 5 (4) 2000-2006, 2008-2010
30%
583 Eren Elmalı LB 13 0 (1) 2024-2025
30%
536 Erhan Güven RB 16 0 (1) 2009-2011
30%
177 Fabri GK 83 0 (0) 2016-2018
30%
50 Filip Holosko RW 155 43 (23) 2007-2014
30%
68 Gökhan Töre RW 139 20 (24) 2013-2015, 2017-2018, 2020-2022
30%
477 Günay Güvenç GK 21 0 (0) 2014-2015, 2023-2025
30%
241 Henry Onyekuru LW 62 20 (11) 2018-2021
30%
146 Hugo Almeida ST 94 38 (18) 2010-2014
30%
309 Jason Denayer CB 45 0 (3) 2015-2016, 2017-2018
30%
387 Jean Michaël Seri DM 33 2 (3) 2019-2020
30%
145 Joseph Yobo CB 94 3 (0) 2010-2014
30%
163 Luiz Gustavo DM 88 5 (2) 2019-2022
30%
406 Mame Thiam ST 30 6 (4) 2020-2021
30%
260 Marcelo CB 56 5 (0) 2015-2017
30%
141 Mariano RB 95 2 (16) 2017-2020
30%
492 Max Kruse CF 20 7 (7) 2019-2020
30%
607 Mehmet Akgün CM 11 0 (1) 2012-2014
30%
310 Mehmet Güven CM 45 1 (3) 2005-2009
30%
490 Milan Škriniar CB 20 3 (2) 2024-2025
30%
337 Min-jae Kim CB 39 1 (0) 2021-2022
30%
279 Mostafa Mohamed ST 50 15 (3) 2020-2022
30%
300 Nicolas Anelka ST 47 14 (10) 2004-2006
30%
160 Nihat Kahveci ST 89 15 (17) 2000-2001, 2009-2011
30%
288 Nordin Amrabat RW 49 1 (11) 2012-2014
30%
448 Oğuz Aydın LW 25 7 (4) 2024-2025
30%
49 Olcay Şahan LW 157 34 (29) 2012-2017
30%
390 Olimpiu Moruțan AM 33 3 (4) 2021-2022
30%
251 Pierre van Hooijdonk ST 58 33 (12) 2003-2005
30%
206 Pierre Webó ST 71 26 (10) 2012-2015
30%
374 Rodrigo Becão CB 35 1 (1) 2023-2025
30%
82 Ronaldo CB 128 11 (3) 2001-2005
30%
757 Salih Dursun CB 2 0 (0) 2013-2014
30%
134 Şener Özbayraklı RB 99 3 (7) 2015-2021
30%
70 Serhat Akın RW 137 42 (23) 2000-2005
30%
366 Sofyan Amrabat DM 36 2 (4) 2024-2025
30%
205 Tolga Ciğerci DM 72 8 (3) 2016-2017, 2019-2021
30%
814 Umut Gündoğan CM 1 0 (0) 2013-2014
30%
107 Valentin Rosier RB 111 3 (15) 2020-2024
30%
192 Welinton CB 76 1 (2) 2020-2023
30%
370 Willian Arão DM 35 1 (4) 2022-2023
30%
306 Youssef En-Nesyri ST 46 26 (6) 2024-2025
30%
179 Yunus Akgün RW 82 14 (16) 2018-2019, 2022-2025
30%
609 Alexandru Maxim AM 11 0 (0) 2022-2023
26%
86 Arif Erdem ST 125 42 (28) 2000-2005
26%
526 Berke Özer GK 17 0 (0) 2021-2022
26%
286 Bülent Akın DM 49 3 (1) 2000-2002
26%
657 Carlos Kameni GK 9 0 (0) 2017-2018
26%
194 Cenk Gönen GK 75 0 (0) 2010-2016
26%
615 Cris CB 11 1 (0) 2012-2013
26%
276 Dany Nounkeu CB 51 0 (3) 2012-2014
26%
388 DeAndre Yedlin RB 33 1 (1) 2020-2022
26%
95 Deniz Barış CB 120 2 (6) 2004-2010
26%
565 Derrick Köhn LB 14 1 (2) 2023-2025
26%
240 Édouard Cissé DM 62 2 (4) 2007-2009
26%
660 Efe Akman DM 8 0 (0) 2023-2025
26%
28 Ergün Penbe LB 202 6 (37) 2000-2007
26%
760 Erkan Zengin LW 2 0 (0) 2008-2009
26%
307 Ernest Muci LW 46 8 (4) 2023-2025
26%
601 Eyüp Aydın CM 12 0 (1) 2023-2025
26%
512 Fabiano LB 18 0 (1) 2004-2005
26%
540 Fabiano GK 16 0 (0) 2015-2017
26%
274 Fernando DM 52 4 (4) 2017-2019
26%
397 Filip Kostić LM 31 1 (9) 2024-2025
26%
588 Gökhan Ünal ST 13 2 (1) 2009-2011
26%
509 Gustavo Henrique CB 18 3 (2) 2022-2023
26%
174 Haim Revivo AM 84 34 (19) 2000-2003
26%
624 Haris Seferovic ST 10 0 (0) 2022-2023
26%
351 Harun Tekin GK 38 0 (0) 2018-2021
26%
382 Henri Bienvenu ST 34 7 (2) 2011-2013
26%
151 İbrahim Akın LW 92 17 (10) 2004-2008
26%
758 İbrahim Serdar Aydın DM 2 0 (0) 2013-2014
26%
378 İrfan Can Eğribayat GK 34 0 (0) 2022-2025
26%
606 Jimmy Durmaz CM 12 0 (0) 2019-2021
26%
283 Jonas Svensson RB 49 0 (3) 2023-2025
26%
525 José Rodríguez CM 17 0 (1) 2015-2016
26%
537 Juan Mata AM 16 3 (1) 2022-2023
26%
707 Júlio Alves CM 5 0 (1) 2011-2012
26%
811 Kenan Özer RW 1 0 (0) 2005-2006
26%
531 Lazar Markovic RW 16 1 (2) 2015-2016
26%
250 Lincoln AM 58 16 (26) 2007-2009
26%
423 Lincoln AM 28 0 (6) 2022-2023
26%
230 Loris Karius GK 65 0 (0) 2018-2020
26%
582 Luís Neto CB 13 0 (0) 2017-2018
26%
91 Marcão CB 122 1 (1) 2018-2022
26%
285 Marcel Tisserand CB 49 1 (1) 2020-2022
26%
611 Max Meyer AM 11 1 (0) 2021-2022
26%
90 Mert Hakan Yandaş AM 123 8 (18) 2020-2025
26%
362 Michal Kadlec CB 36 3 (1) 2013-2016
26%
100 Necati Ateş ST 117 55 (20) 2003-2006, 2011-2012
26%
631 Nicolò Zaniolo AM 10 5 (0) 2022-2023
26%
485 Okan Koç RW 21 1 (2) 2003-2004
26%
445 Papiss Demba Cissé ST 25 5 (1) 2020-2021
26%
302 Roberto Soldado ST 47 15 (10) 2017-2019
26%
180 Roman Neustädter CB 82 5 (0) 2016-2019
26%
242 Serdar Dursun ST 62 19 (9) 2021-2024
26%
278 Sérgio Oliveira CM 50 5 (5) 2022-2024
26%
185 Shabani Nonda ST 78 28 (6) 2007-2010
26%
124 Tolga Zengin GK 102 0 (1) 2013-2019
26%
371 Tomas Ujfalusi CB 35 1 (1) 2011-2013
26%
408 Tyler Boyd LW 30 3 (1) 2019-2020, 2022-2023
26%
528 Ümit Aydın DM 17 1 (1) 2000-2001, 2003-2004
26%
395 Vedat Muriqi ST 32 15 (6) 2019-2020
26%
552 Adem Dursun CB 15 0 (0) 2005-2006
22%
820 Adil Rami CB 1 0 (0) 2019-2020
22%
98 Ahmet Dursun ST 118 40 (4) 2000-2006
22%
667 Ajdin Hasic AM 8 2 (0) 2020-2021
22%
331 Alexandru Cicâldău AM 40 5 (4) 2021-2023
22%
305 Alex Telles LB 46 2 (3) 2013-2016
22%
407 Ally Samatta ST 30 5 (0) 2020-2022
22%
713 Alparslan Erdem LB 4 0 (1) 2008-2010
22%
610 Alpaslan Öztürk CB 11 0 (0) 2021-2022
22%
40 Alper Potuk LW 173 13 (25) 2013-2020
22%
329 Álvaro Negredo ST 40 10 (8) 2017-2019
22%
380 André Ayew ST 34 5 (2) 2018-2019
22%
253 André Santos LB 58 11 (2) 2009-2011
22%
738 Can Erdem ST 3 0 (0) 2006-2007
22%
681 Carlos Cuesta CB 7 0 (0) 2024-2025
22%
52 Cristian CM 154 21 (20) 2009-2014
22%
248 Diego AM 59 5 (11) 2014-2016
22%
613 Erick Pulgar DM 11 0 (0) 2021-2022
22%
768 Erman Kılıç AM 2 0 (0) 2013-2014
22%
123 Fabio Luciano CB 103 12 (3) 2003-2006
22%
646 Fatih Öztürk GK 9 0 (0) 2020-2022
22%
136 Georges-Kevin N'Koudou LW 97 19 (6) 2019-2023
22%
538 Giovani dos Santos CF 16 0 (3) 2009-2010
22%
675 Goran Pandev CF 7 0 (0) 2014-2015
22%
413 Guti CM 30 7 (10) 2010-2012
22%
398 Hakim Ziyech RW 31 8 (5) 2023-2025
22%
837 Hamza Akman CM 1 0 (0) 2022-2023
22%
30 Hasan Ali Kaldırım LB 193 6 (25) 2012-2020
22%
258 Hasan Kabze ST 56 17 (3) 2004-2007
22%
472 Islam Slimani ST 22 4 (0) 2018-2019
22%
164 İsmail Yüksek DM 88 0 (8) 2020-2021, 2022-2025
22%
265 Jailson DM 54 3 (1) 2018-2020
22%
641 Kerim Zengin RB 10 0 (1) 2006-2007
22%
282 Lionel Carole LB 49 0 (4) 2015-2017
22%
673 Luis Pedro Cavanda RB 7 0 (0) 2016-2017
22%
324 Marcelo Saracchi LB 41 2 (6) 2019-2021
22%
148 Martin Skrtel CB 93 6 (1) 2016-2019
22%
244 Mateja Kežman ST 60 23 (11) 2006-2008
22%
261 Mathieu Valbuena AM 55 11 (17) 2017-2019
22%
150 Matías Delgado AM 93 18 (16) 2006-2008, 2010-2011
22%
469 Miralem Pjanić CM 23 0 (4) 2021-2022
22%
541 Muhammed Gümüşkaya AM 16 0 (0) 2019-2020, 2021-2022
22%
793 Mülayim Erdem AM 1 0 (0) 2003-2004
22%
92 Mustafa Pektemek ST 122 24 (11) 2011-2015, 2017-2019
22%
270 Pascal Nouma ST 53 24 (9) 2000-2001, 2002-2003
22%
269 Patrick van Aanholt LB 53 2 (5) 2021-2023
22%
447 Serkan Kurtuluş RB 25 0 (2) 2008-2009, 2010-2011
22%
556 Sezer Öztürk AM 15 2 (1) 2011-2013
22%
167 Taylan Antalyalı CM 87 2 (6) 2019-2023
22%
210 Ümit Davala RM 70 10 (11) 2000-2003
22%
364 Umut Nayir ST 36 5 (1) 2019-2020, 2023-2024
22%
533 Vincent Janssen ST 16 4 (4) 2017-2018
22%
168 Wederson LB 87 4 (12) 2007-2010
22%
534 Wout Weghorst ST 16 8 (4) 2022-2023
22%
108 Yasin Öztekin ST 110 24 (12) 2014-2018
22%
101 Yusuf Şimşek AM 117 11 (15) 2000-2003, 2008-2011
22%
515 Zanka CB 18 2 (0) 2019-2021
22%
783 Zeki Dursun CM 1 0 (0) 2023-2024
22%
566 Ahmed Kutucu LW 14 1 (0) 2024-2025
19%
313 Alex Oxlade-Chamberlain CM 44 5 (1) 2023-2025
19%
48 Ali Güneş CM 158 11 (12) 2000-2007
19%
440 Allan McGregor GK 26 0 (0) 2012-2013
19%
574 Álvaro Morata ST 13 6 (3) 2024-2025
19%
298 Amir Hadziahmetovic DM 47 1 (7) 2022-2025
19%
211 Antônio Carlos Zago CB 70 2 (6) 2002-2004
19%
439 Batuhan Karadeniz ST 26 2 (2) 2007-2009, 2012-2013
19%
105 Bekir İrtegün CB 114 6 (0) 2009-2015
19%
789 Beykan Şimşek LW 1 0 (0) 2012-2013
19%
598 Carlos Vinícius ST 12 1 (1) 2023-2024
19%
591 Cédric Bakambu ST 12 2 (1) 2023-2024
19%
577 Dele Alli AM 13 2 (0) 2022-2023
19%
717 Diego Perotti LW 4 3 (0) 2020-2021
19%
592 Diego Reyes CB 12 0 (0) 2018-2019
19%
326 Eljif Elmas LW 41 4 (0) 2017-2019
19%
710 Emrah Umut CB 4 0 (0) 2003-2004
19%
431 Emre Taşdemir LB 27 1 (3) 2018-2020, 2022-2023
19%
467 Enzo Roco CB 23 2 (0) 2018-2020
19%
369 Fabrice N'Sakala LB 36 1 (2) 2020-2022
19%
126 Fatih Akyel RB 102 0 (5) 2000-2005
19%
389 Felix Uduokhai CB 33 0 (0) 2024-2025
19%
316 Filip Novak LB 43 4 (2) 2020-2022
19%
483 Frank de Boer CB 21 1 (1) 2003-2004
19%
454 Gabriel Paulista CB 24 1 (1) 2024-2025
19%
597 Gregory van der Wiel RB 12 0 (0) 2016-2017
19%
193 Hamit Altıntop RM 75 2 (9) 2012-2014, 2016-2017
19%
190 İlhan Mansız ST 76 38 (12) 2001-2004
19%
648 İsmail Çipe GK 9 0 (0) 2018-2019, 2021-2022
19%
493 Ismail Jakobs LB 20 0 (2) 2024-2025
19%
225 Jackson Muleka ST 66 9 (2) 2022-2025
19%
596 Jesse Sekidika LW 12 1 (0) 2019-2021
19%
384 João Mário LW 33 6 (3) 2024-2025
19%
430 João Pedro ST 27 5 (1) 2022-2023
19%
335 Joshua King ST 40 8 (3) 2022-2024
19%
219 Kerem Demirbay CM 67 7 (7) 2023-2025
19%
620 Levent Mercan LB 11 0 (0) 2024-2025
19%
580 Luan Peres CB 13 1 (0) 2022-2023
19%
545 Matej Mitrovic CB 15 0 (0) 2016-2018
19%
630 Mauricio Lemos CB 10 0 (0) 2020-2021, 2022-2023
19%
277 Mbaye Diagne ST 51 21 (3) 2018-2022
19%
346 Mehmet Ekici AM 38 3 (2) 2017-2020
19%
118 Mehmet Yozgatlı RW 107 7 (18) 2003-2008
19%
399 Mergim Berisha ST 31 8 (3) 2021-2023
19%
489 Michael Frey ST 20 5 (1) 2018-2019, 2020-2021
19%
246 Milan Rapaic LM 59 15 (20) 2000-2003
19%
508 Milos Krasic RW 18 0 (1) 2012-2013
19%
401 Moatasem Al-Musrati DM 31 1 (0) 2023-2025
19%
585 Muğdat Çelik ST 13 2 (0) 2018-2019
19%
97 Mustafa Dogan CB 118 2 (1) 2000-2002, 2004-2007
19%
215 Olcan Adın RW 69 4 (5) 2003-2004, 2005-2006, 2014-2016
19%
524 Omar Elabdellaoui RB 17 0 (1) 2020-2022
19%
594 Przemyslaw Frankowski RB 12 0 (1) 2024-2025
19%
535 Rade Krunic DM 16 0 (0) 2023-2025
19%
804 Robert Enke GK 1 0 (0) 2003-2004
19%
159 Roberto Hilbert RB 89 6 (7) 2010-2013
19%
339 Rodrigo Tabata AM 39 2 (12) 2009-2011
19%
444 Romain Saïss CB 25 1 (2) 2022-2023
19%
162 Samuel Johnson DM 89 16 (2) 2000-2003
19%
473 Sercan Yıldırım RW 22 2 (2) 2011-2013
19%
81 Serdar Kurtuluş RB 128 0 (7) 2006-2008, 2013-2016
19%
573 Shinji Kagawa AM 14 4 (2) 2018-2019
19%
296 Simão LW 48 10 (11) 2010-2012
19%
638 Simão DM 10 0 (1) 2001-2002
19%
555 Steven Nzonzi DM 15 0 (1) 2019-2020
19%
76 Uğur Boral LM 130 11 (14) 2006-2009, 2011-2015
19%
80 Veli Kavlak CM 128 7 (14) 2011-2016
19%
475 Victor Moses RW 22 5 (2) 2018-2020
19%
295 Aatif Chahechouhe AM 48 10 (7) 2016-2019
15%
377 Abdoulay Diaby RW 34 5 (3) 2019-2020
15%
72 Ahmet Yıldırım DM 134 4 (10) 2000-2005
15%
748 Arda Kılıç LW 3 0 (0) 2023-2025
15%
322 Aykut Erçetin GK 41 0 (0) 2003-2004, 2006-2012
15%
297 Badou Ndiaye DM 47 4 (7) 2017-2019
15%
723 Bebé LW 3 0 (0) 2011-2012
15%
724 Berk Ünsal ST 3 0 (0) 2013-2014
15%
559 Blerim Dzemaili CM 15 0 (1) 2014-2015
15%
569 Bogdan Stancu ST 14 2 (2) 2010-2011
15%
504 Cher Ndour CM 19 1 (2) 2024-2025
15%
103 Colin Kazım-Richards ST 114 13 (14) 2007-2012
15%
417 Deniz Türüç RW 29 3 (1) 2019-2021
15%
684 Douglas RB 7 0 (0) 2019-2020
15%
166 Dusko Tosic CB 87 7 (4) 2015-2018
15%
139 Edú Dracena CB 95 5 (1) 2006-2009
15%
223 Elvir Baljic LW 67 8 (19) 2000-2001, 2002-2005
15%
217 Emre Kılınç LW 68 7 (6) 2020-2023
15%
745 Erman Yıldırım CB 3 0 (0) 2002-2003
15%
846 Ertuğrul Taşkıran GK 1 0 (0) 2016-2017
15%
263 Fábio Bilica CB 54 1 (1) 2009-2012
15%
801 Fevzi Elmas GK 1 0 (0) 2004-2005
15%
593 Florin Andone ST 12 2 (0) 2019-2020
15%
563 Franck Ribéry LW 14 0 (4) 2004-2005
15%
353 Gheorghe Popescu CB 37 0 (0) 2000-2002
15%
455 Gökhan Inler DM 24 0 (1) 2016-2017
15%
766 Gustavo Assunção DM 2 0 (0) 2021-2022
15%
133 Hakan Ünsal LB 100 4 (14) 2000-2005
15%
633 Iasmin Latovlevici LB 10 0 (1) 2017-2018
15%
345 Jardel ST 38 28 (4) 2000-2001
15%
636 Jean Onana DM 10 0 (0) 2023-2025
15%
677 Kemal Ademi ST 7 0 (1) 2020-2021
15%
608 Keny Arroyo RW 11 1 (0) 2024-2025
15%
680 Konstantinos Mitroglou ST 7 1 (1) 2018-2019
15%
391 Leo Franco GK 33 0 (0) 2009-2010
15%
632 Leonardo Bonucci CB 10 0 (1) 2023-2024
15%
325 Lucas Neill CB 41 1 (1) 2009-2011
15%
728 Lucas Ontivero RW 3 0 (0) 2013-2014
15%
290 Maicon CB 49 6 (1) 2017-2019
15%
327 Matteo Ferrari CB 41 0 (1) 2009-2011
15%
385 Mohamed Elneny DM 33 1 (4) 2019-2020
15%
393 Mustafa Hekimoğlu ST 32 2 (2) 2023-2025
15%
247 Mustafa Sarp DM 59 4 (2) 2009-2011
15%
441 Nathan Redmond RW 25 5 (5) 2022-2023
15%
480 Okan Kocuk GK 21 0 (0) 2019-2020, 2022-2023
15%
701 Ömer Beyaz AM 5 0 (0) 2019-2021
15%
63 Önder Turacı CB 143 5 (2) 2004-2010
15%
510 Ozan Kabak CB 18 0 (0) 2017-2019
15%
303 Reto Ziegler CB 47 0 (7) 2011-2013
15%
695 Rıdvan Şimşek RB 6 0 (0) 2009-2011
15%
635 Róbinson Zapata GK 10 0 (0) 2010-2011
15%
479 Sadık Çiftpınar CB 21 1 (0) 2018-2021
15%
227 Sasa Ilic CM 65 24 (7) 2005-2007
15%
213 Semih Kılıçsoy ST 70 15 (9) 2022-2025
15%
709 Serge Aurier RB 4 0 (0) 2023-2024
15%
182 Serkan Balcı RB 82 0 (7) 2004-2007
15%
663 Simon Falette CB 8 0 (1) 2019-2020
15%
451 Tarık Çamdal RB 25 0 (0) 2014-2016
15%
332 Tetê RW 40 1 (5) 2023-2024
15%
468 Ufuk Ceylan GK 23 0 (0) 2010-2014
15%
203 Uğur Uçar RB 72 0 (10) 2003-2005, 2007-2010
15%
841 Volkan Ekici AM 1 0 (0) 2010-2011
15%
550 Yaser Yıldız ST 15 1 (1) 2008-2009
15%
209 Yekta Kurtuluş CM 71 2 (2) 2010-2015
15%
488 Yusuf Akçiçek CB 20 1 (1) 2023-2025
15%
372 Abdul Kader Keita RW 35 7 (14) 2009-2010
11%
424 Adem Büyük ST 28 8 (1) 2019-2020
11%
137 Ahmed Hassan AM 97 29 (15) 2003-2006
11%
756 Alexander Milosevic CB 2 0 (0) 2014-2016
11%
432 Allan Saint-Maximin LW 27 4 (5) 2024-2025
11%
784 Aras Özbiliz RW 1 0 (0) 2016-2017
11%
782 Arda Ünyay CB 1 0 (0) 2024-2025
11%
735 Atalay Babacan CM 3 0 (0) 2021-2022
11%
304 Baki Mercimek CB 46 0 (0) 2006-2008
11%
110 Barış Özbek CM 109 7 (12) 2007-2011
11%
400 Bernard Mensah AM 31 4 (1) 2020-2021
11%
822 Cédric Carrasso GK 1 0 (0) 2017-2018
11%
481 Daniel Amartey CB 21 0 (0) 2023-2024
11%
120 Daniel Pancu ST 105 23 (11) 2002-2006
11%
747 Denys Boyko GK 3 0 (0) 2015-2016
11%
239 Dorukhan Toköz CM 63 3 (6) 2018-2021
11%
429 Edú ST 28 5 (0) 2011-2012
11%
130 Ekrem Dag RB 100 6 (6) 2008-2012
11%
411 Elias Jelert RB 30 1 (0) 2024-2025
11%
381 Emirhan Topçu CB 34 1 (1) 2024-2025
11%
218 Emre Akbaba AM 68 11 (8) 2018-2023
11%
69 Emre Çolak AM 138 10 (14) 2009-2016
11%
644 Erkan Kaş LB 9 0 (0) 2012-2013
11%
465 Ezgjan Alioski LB 23 1 (2) 2022-2023
11%
772 Fatih Tekke ST 2 0 (0) 2010-2011
11%
463 Fevzi Tuncay GK 24 0 (0) 2000-2002
11%
478 Fredrik Midtsjø CM 21 1 (2) 2022-2023
11%
403 Giuliano AM 31 15 (5) 2017-2019
11%
252 Halil Dervişoğlu ST 58 7 (4) 2020-2021, 2023-2024
11%
344 İbrahim Kaş CB 38 3 (1) 2004-2005, 2006-2007, 2009-2010
11%
357 Javi Montero CB 37 2 (1) 2020-2023
11%
433 John Carew ST 27 14 (3) 2004-2005
11%
522 Josico DM 18 0 (0) 2008-2009
11%
450 Josué AM 25 2 (3) 2016-2017
11%
409 Junichi Inamoto DM 30 1 (1) 2006-2007
11%
494 Kazımcan Karataş LB 20 0 (0) 2022-2024
11%
394 Kenan Karaman ST 32 2 (2) 2021-2023
11%
415 Koray Günter CB 29 0 (0) 2013-2015, 2017-2018
11%
457 Léo Dubois RB 24 1 (1) 2022-2025
11%
453 Lorik Cana DM 24 1 (0) 2010-2011
11%
571 Metehan Baltacı CB 14 0 (1) 2024-2025
11%
627 Mohamed Sarr CB 10 2 (1) 2002-2003
11%
328 Morgan De Sanctis GK 41 0 (0) 2008-2009
11%
314 Nazım Sangaré RB 44 2 (3) 2020-2022
11%
561 Nicolas Isimat-Mirin CB 14 0 (0) 2018-2019
11%
514 Nigel de Jong DM 18 1 (0) 2016-2017
11%
437 Oğulcan Çağlayan RW 26 4 (1) 2020-2022
11%
824 Ömer Çakı LB 1 0 (0) 2018-2019
11%
711 Orkan Çınar RW 4 0 (1) 2017-2018, 2019-2020
11%
810 Oytun Özdoğan GK 1 0 (0) 2020-2021
11%
266 Özer Hurmacı AM 54 3 (3) 2009-2012
11%
732 Özgür Can Özcan ST 3 0 (0) 2005-2007
11%
292 Pedro Franco CB 48 1 (0) 2013-2015
11%
544 Pedro Rebocho LB 15 0 (0) 2019-2020
11%
131 Rodrigo Tello LW 100 17 (30) 2007-2010
11%
546 Ryan Kent LW 15 0 (1) 2023-2024
11%
690 Sam Adekugbe LB 6 0 (1) 2022-2023
11%
367 Samet Akaydin CB 36 1 (0) 2022-2025
11%
689 Samuel Holmén CM 6 0 (0) 2013-2014
11%
484 Serdar Kesimal CB 21 0 (0) 2011-2015
11%
73 Stjepan Tomas CB 132 0 (2) 2003-2007
11%
41 Tayfur Havutçu DM 172 12 (11) 2000-2006
11%
311 Tayyip Talha Sanuç CB 45 2 (0) 2022-2025
11%
500 Tobias Linderoth DM 19 1 (0) 2007-2010
11%
443 Vágner Love ST 25 10 (0) 2017-2019
11%
829 Valentine Ozornwafor CB 1 0 (0) 2020-2021
11%
461 Víctor Ruiz CB 24 0 (1) 2019-2020
11%
682 Volkan Babacan GK 7 0 (0) 2008-2010
11%
532 Yassine Benzia AM 16 0 (1) 2018-2019
11%
175 Abdullah Ercan LM 84 4 (6) 2000-2004
7%
361 Ahmet Çalık CB 36 1 (0) 2016-2020
7%
435 Alex Teixeira CF 27 4 (1) 2021-2022
7%
564 Angeliño LB 14 0 (1) 2023-2024
7%
507 Ante Rebić LW 18 0 (4) 2023-2024
7%
513 Ariel Ortega AM 18 5 (9) 2002-2003
7%
466 Atınç Nukan CB 23 1 (0) 2009-2010, 2014-2015, 2016-2017
7%
319 Bakhtiyor Zaynutdinov LB 43 0 (1) 2023-2025
7%
618 Barış Alıcı RW 11 0 (1) 2018-2019
7%
428 Bilal Kısa AM 28 6 (3) 2002-2003, 2015-2016
7%
578 Çağlar Birinci CB 13 0 (0) 2010-2013
7%
434 Can Bozdogan CM 27 1 (1) 2021-2022
7%
699 Can Keleş RW 5 0 (0) 2024-2025
7%
289 Ceyhun Eriş AM 49 8 (4) 2001-2003
7%
549 Christian ST 15 3 (0) 2002-2003
7%
64 Cihan Haspolatlı DM 142 12 (10) 2002-2007
7%
548 Emmanuel Culio CM 15 4 (1) 2010-2011
7%
634 Emre Özkan CB 10 0 (1) 2005-2006, 2012-2013
7%
320 Engin Baytar AM 43 3 (7) 2011-2014
7%
687 Eray İşcan GK 7 0 (0) 2012-2014
7%
666 Eric Bailly CB 8 0 (0) 2023-2024
7%
116 Ersan Gülüm CB 107 2 (2) 2010-2016
7%
637 Gabriel Tamaș CB 10 0 (0) 2003-2004
7%
781 Guillermo Burdisso CB 1 0 (0) 2013-2014
7%
655 Gürhan Gürsoy LM 9 0 (0) 2005-2006, 2007-2009
7%
753 Hakan Yakin AM 2 0 (0) 2004-2005
7%
619 İlhan Parlak ST 11 0 (0) 2007-2009
7%
665 Iñaki Peña GK 8 0 (0) 2021-2022
7%
626 Jermaine Jones DM 10 0 (0) 2013-2014
7%
502 Juan Pablo Pino RW 19 3 (2) 2010-2011
7%
792 Kadir Ari LW 1 0 (0) 2012-2013
7%
256 Kennet Andersson ST 57 15 (14) 2000-2002
7%
173 Kerim Frei LW 84 7 (4) 2013-2017
7%
612 Kevin-Prince Boateng AM 11 3 (1) 2019-2020
7%
259 Kléberson CM 56 4 (6) 2005-2007
7%
142 Koray Avcı DM 95 1 (3) 2004-2008
7%
595 Mevlüt Erdinç ST 12 0 (0) 2019-2020
7%
308 Misko Mirkovic CB 45 3 (1) 2000-2002
7%
806 Murat Sağlam AM 1 0 (0) 2019-2020
7%
670 Necat Aygün CB 8 0 (0) 2001-2002
7%
186 Ogün Temizkanoğlu CB 78 10 (11) 2000-2003
7%
617 Oğuz Kağan Güçtekin DM 11 0 (0) 2017-2019
7%
460 Oktay Derelioğlu ST 24 7 (2) 2001-2003
7%
119 Ömer Bayram LB 105 2 (17) 2018-2022
7%
458 Peter Etebo DM 24 0 (0) 2020-2021
7%
243 Ramon LB 61 4 (6) 2013-2016
7%
674 Recep Niyaz AM 7 0 (0) 2011-2013
7%
272 Ricardinho AM 52 10 (10) 2006-2008
7%
795 Samed Karakoç AM 1 0 (0) 2017-2018
7%
476 Serdar Kulbilge GK 22 0 (0) 2006-2008
7%
178 Serdar Özkan LW 83 4 (7) 2003-2004, 2007-2011
7%
342 Sergiy Rebrov CF 38 4 (6) 2002-2004
7%
731 Sinan Bolat GK 3 0 (0) 2014-2015
7%
459 Tanguy Ndombélé CM 24 0 (1) 2023-2024
7%
696 Tomas Jun CF 6 1 (0) 2005-2006
7%
312 Uğur İnceman CM 45 2 (0) 2008-2010
7%
301 Umut Meraş LB 47 0 (2) 2021-2024
7%
649 Utku Yuvakuran GK 9 0 (0) 2018-2021
7%
729 Uygar Zeybek CM 3 0 (0) 2014-2016
7%
348 Vedran Runje GK 38 0 (1) 2006-2007
7%
412 Veysel Cihan ST 30 5 (4) 2004-2006
7%
603 Vladimir Beschastnykh ST 12 1 (2) 2002-2003
7%
402 Yasin Çakmak CB 31 0 (2) 2007-2009
7%
775 Zafer Biryol ST 2 0 (0) 2005-2006
7%
191 Zoran Mirkovic RB 76 3 (1) 2000-2003
7%
616 Abel Xavier RB 11 0 (0) 2002-2003
4%
558 Adrian Ilie ST 15 6 (3) 2003-2004
4%
796 Ahmethan Köse ST 1 0 (0) 2017-2018
4%
317 Ali Bilgin CM 43 2 (2) 2007-2010
4%
551 Ali Lukunku ST 15 6 (4) 2002-2004
4%
404 Alioum Saidou DM 31 0 (3) 2004-2006
4%
169 Ali Tandoğan RB 86 4 (11) 2005-2009
4%
715 Ali Yavuz Kol LW 4 0 (0) 2020-2021
4%
767 Allahyar Sayyadmanesh LW 2 0 (0) 2019-2020
4%
659 Altan Aksoy AM 9 1 (1) 2005-2006
4%
777 Anıl Dilaver ST 2 1 (0) 2010-2011
4%
702 Anthony Seric LB 5 0 (0) 2008-2009
4%
736 Atakan Üner RW 3 0 (0) 2020-2021
4%
845 Baran Aksaka DM 1 0 (0) 2022-2023
4%
653 Bartuğ Elmaz DM 9 0 (0) 2020-2021, 2023-2025
4%
249 Batista DM 59 2 (0) 2001-2004
4%
830 Bülent Uzun LB 1 0 (0) 2007-2008
4%
679 Burak Kapacak RW 7 0 (0) 2021-2022, 2024-2025
4%
291 Çağdaş Atan CB 48 2 (0) 2004-2006
4%
769 Çağtay Kurukalıp LB 2 0 (0) 2021-2022
4%
496 Can Arat CB 20 0 (1) 2002-2003, 2005-2009
4%
808 Caner Koca DM 1 0 (0) 2014-2015
4%
255 Capone RB 58 2 (2) 2000-2002
4%
656 Celil Sağır LM 9 0 (1) 2000-2001
4%
762 Celil Yüksel CM 2 0 (0) 2018-2019
4%
586 Cem Karaca DM 13 0 (0) 2002-2003
4%
368 Ceyhun Gülselam DM 36 1 (1) 2011-2014
4%
456 Claudio Maldonado DM 24 0 (3) 2007-2009
4%
464 Demir Ege Tıknaz DM 24 0 (1) 2023-2024
4%
668 Dentinho ST 8 0 (0) 2012-2014
4%
539 Emiliano Insúa LB 16 0 (0) 2010-2011
4%
584 Emin Bayram CB 13 0 (0) 2019-2020, 2022-2023
4%
623 Emirhan İlkhan CM 11 1 (0) 2021-2022
4%
706 Emre Bilgin GK 5 0 (0) 2021-2023
4%
557 Emrecan Terzi LB 15 1 (1) 2023-2025
4%
719 Emrecan Uzunhan CB 4 0 (1) 2022-2024
4%
818 Erdem Köse GK 1 0 (0) 2006-2007
4%
486 Fahri Tatan DM 21 0 (1) 2002-2003, 2006-2007
4%
474 Faruk Atalay AM 22 0 (1) 2000-2002
4%
678 Fatih Aksoy CB 7 0 (0) 2017-2019
4%
746 Fatih Şanlıtürk CM 3 0 (0) 2020-2022
4%
293 Federico Giunti DM 48 1 (4) 2002-2004
4%
501 Ferhat Öztorun LB 19 0 (0) 2005-2007
4%
416 Fernando Meira CB 29 0 (1) 2008-2009
4%
847 Furkan Akyüz GK 1 0 (0) 2023-2024
4%
823 Furkan Özçal CM 1 0 (0) 2014-2015
4%
813 Gökay Güney CB 1 0 (0) 2018-2019
4%
560 Gökay Iravul CM 14 0 (0) 2010-2012
4%
343 Gökhan Güleç ST 38 9 (2) 2005-2007
4%
807 Görkem Görk CB 1 0 (0) 2002-2003
4%
284 Hakan Arıkan GK 49 0 (1) 2007-2011
4%
257 Hakan Bayraktar DM 57 1 (4) 2001-2004
4%
542 Ivaylo Petkov LB 16 0 (4) 2003-2004
4%
639 Izet Hajrovic RW 10 0 (1) 2013-2014
4%
742 Jem Karacan CM 3 0 (0) 2015-2016
4%
692 Joe Worrall CB 6 1 (0) 2023-2024
4%
685 John Moshoeu AM 7 0 (0) 2000-2001
4%
198 Kemal Aslan CM 74 4 (6) 2002-2008
4%
523 Mahmut Hanefi Erdoğdu LB 18 0 (1) 2003-2006
4%
809 Mahsun Çapkan LW 1 0 (0) 2018-2019
4%
497 Marcelo Carrusca AM 19 1 (0) 2006-2008
4%
491 Marek Heinz ST 20 3 (1) 2005-2006
4%
622 Mehmet Akyüz ST 11 0 (0) 2011-2013
4%
683 Mehmet Batdal ST 7 0 (1) 2010-2012
4%
386 Mehmet Özdilek AM 33 5 (5) 2000-2001
4%
373 Mehmet Sedef CB 35 0 (0) 2004-2008
4%
338 Michael Fink CB 39 2 (3) 2009-2011
4%
562 Muhammed Demirci AM 14 0 (0) 2011-2014
4%
805 Muhayer Oktay CM 1 0 (0) 2019-2020
4%
604 Murat Erdoğan CM 12 3 (0) 2003-2004
4%
605 Murat Hacıoğlu CF 12 1 (0) 2004-2005, 2006-2007
4%
815 Mustafa Kapı CM 1 0 (0) 2018-2019
4%
275 Nikola Lazetic RM 52 6 (7) 2000-2002
4%
658 Niyazi Güney RB 9 1 (0) 2002-2003
4%
816 Oğuz Sabankay AM 1 0 (0) 2006-2007
4%
741 Oleksandr Karavaev RB 3 0 (0) 2016-2017
4%
352 Omar Colley CB 37 7 (0) 2022-2025
4%
521 Ömer Erdoğan CB 18 2 (0) 2003-2004
4%
770 Ömer Karabacak RB 2 0 (0) 2000-2001
4%
503 Ömer Şişmanoğlu ST 19 4 (0) 2013-2014, 2016-2017
4%
414 Orkun Uşak GK 30 0 (0) 2007-2009
4%
700 Özgür Çek LB 5 0 (1) 2011-2013
4%
589 Rahim Zafer DF 13 0 (0) 2000-2001
4%
761 Ramazan Civelek RW 2 0 (0) 2015-2016
4%
449 Ramazan Kurşunlu GK 25 0 (0) 2003-2005
4%
517 Recep Biler GK 18 0 (0) 2002-2004
4%
410 Rhodolfo CB 30 2 (0) 2015-2017
4%
419 Sébastien Pérez RB 29 4 (2) 2001-2002
4%
262 Serkan Aykut ST 55 25 (2) 2000-2002
4%
482 Serkan Çalık RW 21 4 (1) 2007-2008
4%
708 Serkan Özsoy CB 4 0 (1) 2000-2002
4%
529 Suat Usta CB 17 1 (0) 2002-2004
4%
405 Tamer Tuna RM 30 0 (6) 2001-2003
4%
600 Tanju Kayhan RB 12 0 (0) 2011-2012
4%
499 Tayfun Korkut RM 19 1 (1) 2004-2005
4%
363 Tomas Zapotocny CB 36 3 (1) 2008-2009, 2010-2011
4%
421 Uche Okechukwu CB 28 7 (0) 2000-2002
4%
786 Ümit Atalay LM 1 0 (0) 2003-2004
4%
727 Volkan Pala ST 3 0 (0) 2015-2016
4%
553 Washington ST 15 10 (2) 2002-2003
4%
730 Yiğithan Güveli CB 3 0 (0) 2016-2017, 2018-2019
4%
647 Zvjezdan Misimovic AM 9 0 (1) 2010-2011
4%
737 Ahmed Barusso DM 3 1 (0) 2007-2008
0%
527 Aílton ST 17 6 (0) 2005-2006
0%
640 Alexis Ruano CB 10 1 (0) 2015-2016
0%
495 Ali Akdeniz LM 20 2 (0) 2001-2003
0%
672 Ali Cansun Begeçarslan ST 8 3 (0) 2000-2001, 2002-2004
0%
237 Ali Eren Beşerler RB 63 0 (2) 2000-2003
0%
686 Ali Kucık ST 7 1 (1) 2010-2011
0%
749 Ali Turap Bülbül RB 3 0 (0) 2023-2024
0%
774 Alper Akıcı CB 2 0 (0) 2003-2004
0%
576 Amaral DM 13 0 (0) 2002-2003
0%
425 Andrés Fleurquín DM 28 3 (2) 2001-2002
0%
834 Arda Okan Kurtulan RM 1 0 (0) 2021-2022
0%
506 Arild Stavrum ST 18 5 (2) 2001-2002
0%
511 Aydın Karabulut RW 18 1 (2) 2006-2009
0%
779 Aytuğ Kömeç CB 2 0 (0) 2023-2024
0%
752 Baran Demiroğlu ST 2 0 (0) 2023-2024
0%
271 Bayram Bektaş CM 53 7 (2) 2000-2003
0%
722 Berat Luş LW 3 0 (0) 2024-2025
0%
264 Berkant Göktan ST 54 10 (4) 2001-2005
0%
694 Berkay Vardar DM 6 0 (0) 2021-2023
0%
842 Berk Neziroğluları LB 1 0 (0) 2009-2010
0%
703 Burak Kaplan AM 5 0 (0) 2011-2012
0%
726 Cafercan Aksu CM 3 0 (0) 2003-2005
0%
838 Cem Sultan ST 1 0 (0) 2010-2011
0%
375 César Prates RB 35 4 (3) 2003-2004
0%
825 Çetin Güngör RB 1 0 (0) 2009-2010
0%
755 Cumali Bişi DM 2 0 (0) 2009-2011
0%
843 Cumhur Yılmaztürk DM 1 0 (0) 2009-2010
0%
654 Daniel Opare RB 9 1 (0) 2014-2015
0%
420 Dmitriy Khlestov RB 29 1 (2) 2000-2002
0%
791 Doğukan Pala LB 1 0 (0) 2010-2011
0%
330 Elano AM 40 5 (3) 2009-2011
0%
776 Emir Gökçe ST 2 0 (0) 2007-2008
0%
773 Emirhan Delibaş RW 2 0 (0) 2023-2024
0%
831 Emir Köksal LB 1 0 (0) 2019-2020
0%
365 Emre Güngör CB 36 0 (0) 2007-2010
0%
827 Emre Nasuh CM 1 0 (0) 2019-2020
0%
714 Erdem Seçgin AM 4 0 (0) 2018-2020
0%
826 Erencan Yardımcı ST 1 0 (0) 2019-2020
0%
575 Erhan Albayrak LM 13 0 (1) 2002-2004
0%
744 Erhan Namlı AM 3 0 (0) 2001-2002
0%
839 Erhan Uyaroğlu ST 1 0 (0) 2000-2001
0%
294 Erman Güraçar CB 48 0 (4) 2000-2002
0%
733 Eser Yağmur ST 3 1 (1) 2002-2003
0%
803 Eyüp Kaymakçı AM 1 0 (0) 2003-2004
0%
442 Fabio Pinto CF 25 2 (1) 2002-2004
0%
568 Fatih Sonkaya RB 14 0 (1) 2004-2005
0%
554 Fazlı Ulusal ST 15 2 (0) 2000-2001
0%
567 Federico Higuaín AM 14 0 (1) 2007-2008
0%
498 Felipe Loureiro LW 19 2 (5) 2002-2003
0%
436 Flávio Conceição CM 27 2 (1) 2004-2005
0%
452 Florin Bratu ST 25 6 (3) 2003-2004
0%
798 Furkan Yaman ST 1 0 (0) 2014-2015
0%
652 Gökhan Emreciksin RW 9 0 (1) 2008-2009
0%
599 Gökhan Süzen LB 12 0 (0) 2012-2013
0%
743 Göksel Gencer GK 3 0 (0) 2002-2003
0%
650 Gordon Schildenfeld CB 9 0 (0) 2007-2008
0%
427 Gustavo Victoria LB 28 1 (3) 2001-2002
0%
836 Halit Güven Kocabal CM 1 0 (0) 2005-2006
0%
422 Ike Shorunmu GK 28 0 (0) 2000-2001
0%
821 İlhan Eker CB 1 0 (0) 2010-2011
0%
844 İlker Erbay CB 1 0 (1) 2002-2003
0%
590 Ismaël Bouzid CB 12 1 (0) 2007-2008
0%
704 İsmail Güldüren CB 5 0 (0) 2003-2004
0%
642 Jamal Sellami DM 9 1 (0) 2000-2001
0%
505 Juanfran LB 19 1 (2) 2004-2005
0%
446 Julien Escudé CB 25 2 (0) 2012-2014
0%
691 Kerem Atakan Kesgin CM 6 0 (0) 2022-2023
0%
739 Kerem Kalafat RB 3 0 (1) 2019-2020, 2021-2022
0%
817 Korcan Çelikay GK 1 0 (0) 2009-2010
0%
785 Kürşat Duymuş CB 1 0 (0) 2005-2006
0%
651 Lamine Diatta CB 9 0 (0) 2007-2008
0%
625 Márcio Mixirica ST 10 0 (1) 2000-2001
0%
797 Marinho CB 1 0 (0) 2001-2002
0%
763 Marius Măldărășanu AM 2 0 (0) 2002-2003
0%
383 Markus Münch LB 33 2 (13) 2000-2001
0%
664 Mattias Asper GK 8 0 (0) 2001-2002
0%
832 Mehmet Aksu ST 1 0 (0) 2001-2002
0%
833 Mehmet Bölükbaşı GK 1 0 (0) 2002-2003
0%
570 Mehmet Polat CB 14 1 (0) 2002-2003
0%
800 Melih Okutan RW 1 0 (0) 2015-2016
0%
790 Mertcan Demirer CM 1 0 (0) 2010-2011
0%
716 Michael Eneramo ST 4 1 (0) 2013-2014
0%
396 Miroslav Karhan CM 31 2 (3) 2000-2001
0%
471 Miroslav Stevic DM 22 2 (6) 2002-2003
0%
799 Muhammed Akarslan CM 1 0 (0) 2013-2014
0%
629 Murat Alaçayır RM 10 1 (1) 2000-2001
0%
671 Murat Sözkesen ST 8 1 (1) 2001-2002
0%
780 Musa Çağıran DM 2 0 (0) 2010-2011
0%
771 Nail Tilbaç ST 2 0 (0) 2005-2006
0%
572 Oğuz Dağlaroğlu GK 14 0 (0) 2000-2003
0%
754 Okan Alkan RB 2 0 (2) 2010-2011
0%
661 Onur Bayramoğlu CM 8 0 (0) 2010-2011
0%
392 Ovidiu Petre DM 33 1 (1) 2003-2005
0%
725 Pavel Horvath CM 3 0 (0) 2001-2002
0%
587 Radu Niculescu ST 13 4 (0) 2001-2002
0%
835 Richard Kingson GK 1 0 (0) 2003-2004
0%
787 Robert Spehar ST 1 0 (0) 2001-2002
0%
226 Roman Dabrowski RM 66 5 (4) 2002-2005
0%
788 Salih Akkaya RM 1 0 (0) 2000-2001
0%
705 Sead Halilagic CB 5 0 (0) 2000-2001
0%
750 Sedat Debreli ST 2 0 (0) 2002-2003
0%
778 Serdar Eylik LW 2 0 (0) 2009-2010
0%
602 Serdar Saatçı CB 12 1 (1) 2021-2022
0%
426 Serdar Topraktepe LW 28 5 (1) 2002-2004
0%
676 Sergio Almaguer CB 7 0 (0) 2002-2003
0%
794 Serhat Kot LB 1 0 (0) 2017-2018
0%
519 Sertan Eser ST 18 1 (4) 2001-2002
0%
802 Servet Gökçen LB 1 0 (0) 2002-2003
0%
765 Sezer Sezgin LB 2 0 (0) 2004-2005
0%
614 Sidnei CB 11 2 (0) 2011-2012
0%
462 Sinan Kaloğlu ST 24 1 (0) 2003-2004
0%
759 Sinan Kurumuş ST 2 0 (0) 2012-2013
0%
734 Sixten Veit DM 3 0 (0) 2001-2002
0%
530 Souleymane Youla ST 16 4 (2) 2005-2006
0%
323 Tayfur Bingöl CM 41 3 (3) 2022-2024
0%
581 Thomas Myhre GK 13 0 (0) 2001-2002
0%
470 Tolga Doğantez CB 22 0 (3) 2002-2003
0%
693 Tolga Seyhan CB 6 0 (0) 2006-2007
0%
628 Tunç Kip DM 10 1 (0) 2000-2002
0%
812 Uğur Demirok CB 1 0 (0) 2005-2006
0%
281 Ümit Bozkurt DF 50 1 (2) 2000-2002
0%
315 Vedat İnceefe CB 44 1 (1) 2000-2003
0%
234 Volkan Yaman LB 64 1 (3) 2007-2010
0%
155 Yasin Sülün DM 92 6 (9) 2000-2004
0%
669 Yiğit Gökoğlan RW 8 1 (0) 2011-2012
0%
751 Zafer Demiray RW 2 0 (0) 2002-2003
0%
698 Zafer Şakar CM 5 0 (0) 2004-2006
0%
438 Zoubaier Baya AM 26 2 (9) 2001-2002
0%
No matching quizzes found
Score Distribution
Percent of People with Each Score
Percentile by Number Answered
Your Score History
You have not taken this quiz